Musique 2014 - Top 10 des singles en France - Statistiques

Statistiques générales
  • Ce quiz a été pris 36 fois
  • Le résultat moyen est 3 sur 10
Statistiques - réponses
Ventes Chanson / Artiste % Correct
4 147 300 Black M / Sur Ma Route
61%
3 177 800 Indila / Dernière danse
52%
5 134 000 Kendji Girac / Color Gitano
45%
6 116 100 Sia / Chandelier
35%
10 91 800 Coldplay / A Sky Full of Stars
26%
1 344 000 Pharrell Williams / Happy
26%
7 100 000 Milky Chance / Stolen Dance
19%
8 96 800 Calogero / Un jour au mauvais endroit
16%
2 207 900 Lilly Wood and the Prick & Robin Schulz / Prayer in C
10%
9 92 600 Julien Doré / Paris-Seychelles
6%
Aucun quiz correspondant
Distribution des résultats
% des personnes avec chaque résultat
Percentile par nombre de réponses
Votre historique - résultats
Vous n’avez pas pris ce quiz